000 00999nam a2200313Ia 4500
001 dia_2900
003 CHAP
005 20230411104409.0
008 220117s1973 xx 000 0 und d
010 _a173400
040 _cCHAP
082 _a664.8 L67 1973
100 _aLópez Rubio, Armando
_9141783
245 _aPracticas sobre deshidratacion de frutas y hortalizas /
_c Armando López Rubio
260 _aMéxico :
_b Escuela Nacional de Agricultura,
_c1973
300 _a10 h.
440 _aSerie de apuntes sobre extensión agro-industrial
_9153713
500 _aLos ejemplares 2 y 3 son material fotocopiado.
503 _aD.
590 _aTP371.5 L67 1973
650 _aDried fruit
_9153714
650 _aDried vegetables
_9153715
650 _aFruta deshidratada
_9153716
650 _aHortalizas deshidratadas
_9153717
901 _a664.8 L67 1973
902 _aM
905 _a5232271973 mx n 8122123322spa16
942 _cLIBRO
_2ddc
999 _c173400
_d173400